South American Airports By Code - Statistics

General Stats
  • This quiz has been taken 21 times
  • The average score is 13 of 40
Answer Stats
Code City Country % Correct
BOG Bogota Colombia
95%
LIM Lima Peru
90%
GRU São Paulo Brazil
86%
MVD Montevideo Uruguay
81%
ASU Asunción / Luque Paraguay
76%
UIO Quito Ecuador
67%
SDU Rio de Janeiro Brazil
67%
SCL Santiago Chile
67%
AEP Buenos Aires Argentina
62%
EZE Buenos Aires Argentina
62%
CCS Caracas Venezuela
62%
REC Recife Brazil
62%
ORG Paramaribo Suriname
52%
BSB Brasilia Brazil
48%
FOR Fortaleza Brazil
48%
LPB La Paz / El Alto Bolivia
48%
GEO Georgetown Guyana
43%
MAO Manaus Brazil
43%
SRE Sucre Bolivia
38%
CAY Cayenne France (French Guiana)
33%
CUZ Cusco Peru
33%
CNF Belo Horizonte Brazil
29%
AQP Arequipa Peru
19%
MAR Maracaibo Venezuela
19%
MDQ Mar del Plata Argentina
5%
PSY Stanley United Kingdom (Falkland Islands)
5%
VIX Vitória Brazil
5%
BGX Bagé Brazil
0%
CRD Comodoro Rivadavia Argentina
0%
CPO Copiapó Chile
0%
DRJ Drietabbetje Suriname
0%
EOR El Dorado Venezuela
0%
FMA Formosa Argentina
0%
LTM Lethem Guyana
0%
PDP Maldonado / Punta del Este Uruguay
0%
PBQ Pimenta Bueno Brazil
0%
RAO Ribeirão Preto Brazil
0%
STY Salto Uruguay
0%
BYC Yacuiba Bolivia
0%
PBM Zanderij Suriname
0%
No matching quizzes found
Score Distribution
Percent of People with Each Score
Percentile by Number Answered
Your Score History
You have not taken this quiz